000 01334nam a2200397 i 4500
001 36023
003 KOSZ 005
005 20221006120814.0
008 990831s1999 pl f f |000 0 pol
015 _aPB 1999/12596
020 _a8372520135
040 _aWA N
_cWA N
_dKOSZ 005/HR
041 0 _apol
046 _k1999
080 _a346(438)
080 _a(075.8)
245 0 0 _aZarys prawa gospodarczego dla ekonomistów /
_cBogusława Gnela [et at.] ; pod red. Czesławy Żuławskiej.
250 _aWyd. 4 zaktualiz.
260 _aKraków :
_bWydawnictwo Akademii Ekonomicznej,
_c1999.
300 _a220 s. ;
_c24 cm.
336 _2rdacontent
_aTekst
_btxt
337 _2rdamedia
_aBez urządzenia pośredniczącego
_bn
338 _2rdacarrier
_aWolumin
_bnc
380 _aKsiążki
388 _a1901-2000
388 _a1989-2000
521 8 _aSkrypt dla studentów II i III r. wszystkich kierunków studiów.
650 4 _aPrawo gospodarcze
651 _aPolska
655 4 _aPodręczniki akademickie
658 _aPrawo i wymiar sprawiedliwości
700 1 _aGnela, Bogusława
_eAutor
700 1 _aŻuławska, Czesława
_d(1930- )
_eRedakcja
856 _uhttp://koha.tu.koszalin.pl/cgi-bin/koha/opac-detail.pl?biblionumber=36023
_yKatalog online BPK
942 _2UKD
_cKS
999 _c36023
_d36023